01488nam a2200349Ia 4500001000900000003000500009005001700014008004100031010001100072020001800083040000900101082001900110245018700129260003700316300001100353500016800364503002600532504002800558650005500586650004700641650003600688650003600724650004600760650004000806650003100846650004500877650003600922650008100958650003601039700003401075700002901109dia_2013CHAP20251021161032.0220117s1979 xx 000 0 und d a172551 a0-87055-156-6 cCHAP a634.6 F57 1979 aFisiología de la postrecolección, manejo y utilización de frutas y hortalizas tropicales y subtropicales /c edición Er. B. Pantastico ; traducción Antonio Marino Ambrosio aEspaña :b Continental,c1979 a663 p. aTitulo original: Postharvest Physiology, Handling and Utilization of Tropical and Subtropical Fruits and Vegetables \ Los ejemplares 4 y 5 son material fotocopiado aI. 128253 \ I. 128254 aIncluye bibliografías a1.Frutas tropicalesxFisiología en postcosecha  aFrutas tropicalesxEnfermedades y plagas  aFrutasxManejo en postcosecha  aFrutos tropicalesxTransporte  aHortalizasxFisiología en postcosecha  aHortalizasxManejo en postcosecha  aTropical fruitxHandling  aTropical fruitxPostharvest physiology  aTropical vegetablesxHandling  aTropical vegetablesxPostharvest physiology 1Tropical fruitxUtilization 1 aTropical vegetablesxUtlization aMarino Ambrosio, Antonio, tr. aPantastico, Er. B., ed.